[Event "Tri Buki Children's CupT 1st"]
[Site "Tri Buki"]
[Date "2016.02.05"]
[Round "3.3"]
[White "Rangelov, Boyan"]
[Black "Bakalov, Vladimir"]
[Result "1-0"]
[WhiteElo "1257"]
[BlackElo "1367"]
[PlyCount "125"]
[EventDate "2016.02.04"]
[EventType "team-swiss"]
[EventRounds "6"]
[EventCountry "BUL"]
[SourceTitle "CBM 170 Extra"]
[Source "ChessBase"]
[SourceDate "2016.02.25"]
[SourceVersion "1"]
[SourceVersionDate "2016.02.25"]
[SourceQuality "1"]

1. e4 c5 2. Nc3 Nc6 3. g3 d6 4. Bg2 Nf6 5. d3 e6 6. Be3 Be7 7. Nge2 0-0 8. Qd2 a6 9. 0-0 b5 10. Nd1 Bb7 11. Nc1 a5 12. f4 Ng4 13. h3 Nxe3 14. Nxe3 Bf6 15. c3 g6 16. g4 Bg7 17. Qf2 Ne7 18. g5 f5 19. gxf6 Bxf6 20. Qg3 Kg7 21. f5 exf5 22. Nxf5+ Nxf5 23. Rxf5 Be5 24. Rxf8 Bxg3 25. Rxd8 Rxd8 26. Ne2 Bh4 27. d4 Rf8 28. Rf1 c4 29. Nf4 Re8 30. d5 Bc8 31. Kh1 Re5 32. a3 Bg5 33. Ne2 Be3 34. Nd4 Bxd4 35. cxd4 Rh5 36. Rf3 Rh4 37. Re3 Bd7 38. Kh2 b4 39. Kg3 g5 40. Re1 Rf4 41. Rc1 Bb5 42. a4 Ba6 43. Rd1 Bc8 44. e5 c3 45. bxc3 bxc3 46. Rc1 Rxd4 47. Rxc3 dxe5 48. Rxc8 Rxa4 49. d6 Ra3+ 50. Kg4 Rd3 51. Rc7+ Kf8 52. d7 a4 53. Bc6 h5+ 54. Kxg5 Rg3+ 55. Kxh5 Rxh3+ 56. Kg4 Rd3 57. Bxa4 Ke7 58. Kf5 e4 59. Kxe4 Rd6 60. Rc5 Rd2 61. Re5+ Kd8 62. Re8+ Kc7 63. Rc8+ 1-0